| 000 | 01280 a2200217 4500 | ||
|---|---|---|---|
| 001 | 61102 | ||
| 005 | 20260407155902.0 | ||
| 008 | 260407a1985 arg spa d | ||
| 003 | AR-UNSa-BCEJYS | ||
| 040 |
_aAR-UNSa-BCEJYS _bspa _cAR-UNSa-BCEJYS |
||
| 080 |
_a35.076 _xDeberes y competencias de los organismos públicos (Responsabilidad del estado) |
||
| 245 | 1 | 0 | _aLos derechos públicos subjetivos y la participación social |
| 020 | _a978-950-14-0256-8 | ||
| 264 | 1 |
_aBuenos Aires : _bEdiciones Depalma _c1985 |
|
| 300 |
_ax, 248 p. _c23 cm. |
||
| 505 | _a1. Los derechos públicos subjetivos como instrumento de participación social – 2. Variables teóricas para la fundamentación de los derechos públicos subjetivos – 3. La proyección social de los derechos públicos subjetivos – 4. Los derechos públicos subjetivos y la protección de los intereses difusos – 5. La recepción en el derecho argentino de la doctrina de los derechos públicos subjetivos – 6. Los derechos públicos subjetivos y su manifestación en el dominio público – 7. El control del ejercicio discrecional del poder por medio de los derechos públicos subjetivos | ||
| 041 | _aspa | ||
| 942 | _cBK | ||
| 590 | _aniveau_biblio:m niveau_hierar:0 | ||
| 100 | 1 | _aQuiroga Lavié, Humberto | |
| 999 |
_c7221 _d7221 |
||